Post harvest physiology of perishable plant products / (Record no. 4809)
[ view plain ]
| 000 -LEADER | |
|---|---|
| fixed length control field | 00430cam a2200157ua 4500 |
| 003 - CONTROL NUMBER IDENTIFIER | |
| control field | OSt |
| 008 - FIXED-LENGTH DATA ELEMENTS--GENERAL INFORMATION | |
| fixed length control field | 240124b |||||||| |||| 00| 0 eng d |
| 020 ## - INTERNATIONAL STANDARD BOOK NUMBER | |
| ISBN | 81-239-0607-2 |
| 041 ## - LANGUAGE CODE | |
| Language code of text/sound track or separate title | eng |
| 082 ## - DEWEY DECIMAL CLASSIFICATION NUMBER | |
| Classification number | 631.56 |
| Item number | KAY/PO |
| 100 ## - MAIN ENTRY--AUTHOR NAME | |
| Personal name | Kays, Stanley J . |
| 245 ## - TITLE STATEMENT | |
| Title | Post harvest physiology of perishable plant products / |
| 260 ## - PUBLICATION, DISTRIBUTION, ETC. (IMPRINT) | |
| Place of publication | New Delhi : |
| Name of publisher | C B S Publishers & Distributers , |
| Year of publication | 1998. |
| 300 ## - PHYSICAL DESCRIPTION | |
| Number of Pages | 532 ; . |
| 942 ## - ADDED ENTRY ELEMENTS (KOHA) | |
| Koha item type | Books |
| Withdrawn status | Lost status | Damaged status | Home library | Current library | Date acquired | Full call number | Accession Number | Koha item type | Shelving location |
|---|---|---|---|---|---|---|---|---|---|
| KAUAET | KAUAET | 07/04/2012 | 631.56 | 19586 | Books | ||||
| KAUAET | KAUAET | 07/04/2012 | 631.56 | 20819 | Books | ||||
| KAUAET | KAUAET | 07/04/2012 | 631.56 KAY/PO | 19585 | Book Bank scheme for SC students | Scheme | |||
| KAUAET | KAUAET | 07/04/2012 | 631.56 KAY/PO | 19700 | Books | General Stacks |
